000 00804cam a2200265 a 4500
008 030523s2004 mau 001 0deng
010 _a 2003107457
020 _a0312412797
040 _aDLC
_cDLC
_dDLC
050 0 0 _aPN6014
_b.L55614 2004
082 0 0 _a808.8
_222
092 0 4 _a808.8
_bL7765
_221
099 _a04
_a808.8 L7765
245 0 0 _aLiterature :
_ba portable anthology /
_cedited by Janet E. Gardner ... [et al.].
260 _aBoston :
_bBedford/St. Martin's,
_cc2004.
300 _axxv, 1480 p. ;
_c21 cm.
500 _aIncludes index.
650 0 _aLiterature
_vCollections.
700 1 _aGardner, Janet E.
902 _a1
905 _aGehan
_eRev.
905 _aJihan
_eCat.
942 _2ddc
_cBK
999 _c114807
_d114807